[Event "Gaprindashvili Cup Open II Stage 2020"]
[Site "Online"]
[Date "2020.11.08"]
[Round "6.2"]
[White "Quparadze, Giga"]
[Black "Bagaturov, Giorgi"]
[Result "1-0"]
[WhiteElo "2463"]
[BlackElo "2431"]
[Annotator "TA"]
[PlyCount "121"]
[EventDate "2020.11.04"]
[EventType "swiss"]
[SourceTitle "playchess.com"]
[Source "ChessBase"]
[SourceQuality "1"]

{[%evp 12,121,8,0,25,-21,20,27,27,27,8,16,24,7,24,28,46,41,62,50,57,39,86,36,35,18,166,168,172,170,322,319,316,302,294,229,225,237,232,233,364,368,460,337,580,575,500,264,220,27,43,42,113,113,140,133,214,214,214,214,214,214,218,218,312,243,243,214,214,214,223,200,200,200,200,200,175,160,673,673,673,673,673,673,673,655,655,648,633,541,541,447,29964,29965,29967,29968,29968,29969,29969,29970,29971,29971,29971,29970,29973,29974,29974,29974,29974,29972,29972,29972]} 1. e4 c5 2. Nf3 Nc6 3. Bb5 g6 4. c3 Nf6 5. Qe2 Bg7 6. O-O O-O 7. Rd1 Qc7 {[#] B31: Sicilian: 2...Nc6 3 Bb5 g6.} 8. h3 $146 ({Predecessor:} 8. d4 cxd4 9. cxd4 d5 10. e5 Ne4 11. Nc3 Nxc3 12. bxc3 Na5 13. Ba3 Bf5 14. Nh4 Bd7 15. Bd3 {½-½ (67) Nevednichy,V (2528)-Nikolov,M (2551) Paleochora 2018}) 8... d5 9. e5 Nd7 {[%cal Rd7e5] White has an edge.} 10. d4 a6 11. Ba4 Nb6 12. Bb3 cxd4 13. cxd4 Bf5 14. Nc3 Rfd8 15. g4 Be6 16. Ng5 Qc8 17. Nxe6 (17. f4 {is interesting.} a5 18. a3 a4 19. Nxe6 Qxe6 20. Bc2) 17... Qxe6 18. Ne4 (18. a3 {keeps more tension.} Rac8 19. Bf4 Qd7 20. Bg3 e6 21. Ba2) 18... Nxd4 (18... Qc8 $11 19. Ng5 Nc4) 19. Rxd4 $18 Qxe5 20. Be3 dxe4 $2 (20... e6 21. Ng5 Nd7) 21. Rxd8+ {[%mdl 64] Discovered Attack} Rxd8 22. Bxb6 Rd3 23. Re1 Rxh3 {( -> ...Qh2+)} 24. Qxe4 Qh2+ 25. Kf1 {Bxf7+! is the strong threat.} Qd6 (25... Qh1+ {was called for.} 26. Qxh1 Rxh1+ 27. Ke2 Rh4) 26. Be3 ({Weaker is} 26. Qxe7 Qd3+ 27. Kg1 Qf3 $16) 26... Bxb2 27. Rd1 Qc7 $2 (27... Qe5 28. Qg2 Rh4 29. Qxb7 Qb5+ 30. Qxb5 axb5) 28. Bf4 e5 29. Kg2 Rxb3 30. Bxe5 $2 ({White must play} 30. Bh6 $1 $18 {White threatens Qc4 and mate.} Rb6 31. Qc4 $3 {[%mdl 512]}) 30... Bxe5 31. axb3 {[%mdl 4096] Endgame KQR-KQB} a5 {White now steadily converts the win.} (31... Kg7 $14) 32. Rd5 $36 {[%mdl 2048] Keeping Black busy.} Bc3 33. Qc4 Qc6 (33... Qxc4 $16 34. bxc4 Kf8) 34. Qxc6 $18 bxc6 {KR-KB} 35. Rc5 Bb4 36. Rxc6 Kg7 37. f4 h6 (37... Be1 $142 38. Kf3 Bd2) 38. Kf3 Bd2 39. Ke4 Be1 40. f5 gxf5+ 41. Kxf5 Bb4 42. Ke4 Bd2 43. Kd3 Bb4 44. Kc4 f6 $2 (44... Be1 $16 45. Kd5 Bb4) 45. Rb6 Kg6 46. Rb5 Bd2 47. Rf5 Bb4 48. Kd5 Bd2 49. Ke6 Bc3 50. Rc5 Bb4 51. Rc8 h5 (51... Kg5 $18 52. Rg8+ Kf4 53. Kxf6 Bd2) 52. gxh5+ {White mates.} Kxh5 53. Kxf6 Kg4 {[#]} 54. Ke5 $1 Kf3 {[#]} 55. Kd4 $1 Ke2 56. Rc2+ Kf3 57. Ra2 Be1 58. Kc4 Ke3 59. Kb5 Kd3 60. Rxa5 Kc2 61. b4 {Av CentiPawn Loss W=-20/B=-48. Weighted=-25/-55} 1-0

[Event "Gaprindashvili Cup Open II Stage 2020"]
[Site "Online"]
[Date "2020.11.08"]
[Round "6.3"]
[White "Pantsulaia, Levan"]
[Black "Petriashvili, Nikoloz"]
[Result "1-0"]
[WhiteElo "2553"]
[BlackElo "2425"]
[Annotator "TA"]
[PlyCount "53"]
[EventDate "2020.11.04"]
[EventType "swiss"]
[SourceTitle "playchess.com"]
[Source "ChessBase"]
[SourceQuality "1"]

{[%evp 15,53,27,31,33,37,16,33,20,54,38,63,45,54,45,47,25,48,29,30,5,5,8,72,76,127,127,181,176,204,215,206,182,587,545,664,670,670,661,679,683]} 1. g3 g6 2. Bg2 Bg7 3. c4 c5 4. Nc3 Nc6 5. Nf3 d6 6. O-O Bd7 7. e3 Nf6 8. d4 O-O 9. b3 {[#] E65: King's Indian: Fianchetto: 6...c5 7 0-0 without d5 by White.} Bg4 $146 ({Predecessor:} 9... Rc8 10. Bb2 Re8 11. Qe2 cxd4 12. exd4 e5 13. dxe5 dxe5 14. Nb5 e4 15. Ng5 Bg4 16. Qe3 h6 17. Nh3 a6 18. Na7 Nxa7 19. Qxa7 Qd2 20. Bc1 Qd7 21. Nf4 g5 {0-1 (21) Esipenko,A (2682)-Sarana,A (2654) chess.com INT 2020}) 10. h3 Bxf3 11. Bxf3 {White is slightly better.} Nd7 {[%cal Rc5d4]} 12. Ne2 Rc8 13. Bb2 a6 14. Qd2 b5 15. Rac1 {[%cal Ba1c1,Bc1c4,Bc4a4,Ba4d4,Bd4d6][%mdl 32]} bxc4 16. Rxc4 d5 17. Ra4 ({Much weaker is} 17. Bxd5 Nb6 $15) (17. Rcc1 {keeps more tension.} e6 18. Kg2 cxd4 19. Nxd4 Nxd4 20. Bxd4 Bxd4 21. Qxd4 Qb6 22. Qxb6 Nxb6 23. Rfd1) 17... cxd4 18. Nxd4 Nxd4 (18... Ncb8 $11 {remains equal.}) 19. Bxd4 $16 Bxd4 (19... e5 $142) 20. Rxd4 ({Reject} 20. exd4 $6 Nb8 $11) 20... e6 {[#]} (20... Nb6 $16) 21. Bxd5 $1 $18 {[%mdl 512]} Ne5 (21... exd5 22. Rxd5) 22. Bg2 ({But not} 22. Bb7 $6 Qb6 $16) 22... Qb6 23. Rd1 {Hoping for Rd6.} Nc6 $2 (23... Qb5 {is a better chance.} 24. Rd6 g5) 24. Rd6 {White is clearly winning.} Rc7 25. Rc1 Rfc8 26. Rc4 Qb5 27. Qc3 {Av CentiPawn Loss W=-10/B=-46. Weighted=-7/-47} 1-0

[Event "Gaprindashvili Cup Open II Stage 2020"]
[Site "Online"]
[Date "2020.11.08"]
[Round "6.4"]
[White "Volkov, Nika"]
[Black "Mchedlishvili, Mikheil"]
[Result "0-1"]
[WhiteElo "2084"]
[BlackElo "2570"]
[Annotator "TA"]
[PlyCount "82"]
[EventDate "2020.11.04"]
[EventType "swiss"]
[SourceTitle "playchess.com"]
[Source "ChessBase"]
[SourceQuality "1"]

{[%evp 15,82,0,0,2,26,5,20,12,18,-62,-51,-58,-53,-72,-80,-78,-76,-83,-75,-66,-70,-77,-77,-162,-152,-145,-151,-158,-156,-162,-152,-144,-104,-160,-169,-193,-178,-170,-145,-143,-145,-152,-152,-145,-145,-343,-337,-1010,-366,-455,-411,-495,-495,-506,-496,-495,-495,-470,-464,-29990,-29969,-29990,-29991,-29991,-29992,-29992,-29993,-29994,-29995]} 1. d4 Nf6 2. c4 g6 3. Nc3 d5 4. cxd5 Nxd5 5. Bd2 Bg7 6. Nf3 O-O 7. e4 Nxc3 8. Bxc3 Bg4 9. Be2 {D90: Grünfeld: 4 Nf3 Bg7 sidelines.} Qd6 $5 {[%mdl 4] 9...Nc6 is the modern continuation. A promising side line.} 10. O-O {[#]} Rd8 $146 ({Predecessor:} 10... Nc6 11. d5 Bxc3 12. bxc3 Bxf3 13. Bxf3 Ne5 14. Be2 e6 15. Rb1 exd5 16. exd5 b6 {1-0 (56) Burrell,E-Malm,A IECC email 1997}) 11. Qb3 {Ng5 is the strong threat.The position is equal.} Qb6 12. Qa3 (12. Rfd1 $11) 12... Bxf3 $15 13. Bxf3 Bxd4 14. Bxd4 Rxd4 15. Qxe7 {Threatens to win with Qe8+.} Nc6 $36 {[%cal Bb8c6,Bc6d4,Bd4f3][%mdl 2080] Black is on the roll.} 16. Qf6 Rd6 ({Of course not} 16... Qxb2 17. Rab1 $11) 17. Qf4 Re8 18. Rad1 Nd4 19. e5 (19. b3 $17) 19... Nxf3+ $19 20. gxf3 Rxd1 21. Rxd1 Qxb2 {[%mdl 4096] Endgame KQR-KQR} 22. Rd7 Qxa2 23. Rxc7 b6 24. Qf6 ({White should try} 24. Qd4) 24... Qd5 $17 25. Rxa7 Rxe5 26. h4 {[#]} Rf5 $1 27. Qa1 {Black must now prevent Ra8+.} Qe5 28. Qa3 Kg7 29. Ra8 {Strongly threatening Qf8+.} Kh6 30. Qf8+ $2 {White does not recover from this.} (30. Ra4 $17) 30... Kh5 $19 31. Ra3 $2 (31. Qh8 Kxh4 32. Qxe5 Rxe5 33. Kg2) 31... Qf6 $2 (31... Rf4 32. Qd8 Qe1+ 33. Kg2 Rxh4 34. Qxh4+ Kxh4) 32. Qg8 {[%cal Rg8h7]} h6 33. Kg2 Qxh4 {( -> ...Rg5+)} 34. f4 Rxf4 35. Rg3 Qf6 36. Rh3+ Rh4 37. Rf3 {[#]} (37. Qc8 $19) 37... Rg4+ {Black mates.} 38. Kh2 Qe5+ ({Worse is} 38... Qxf3 39. Qxg6+ fxg6 $11) 39. Rg3 Rh4+ 40. Kg2 Qe4+ 41. Rf3 Rf4 {Av CentiPawn Loss W=-70/B=-26. Weighted=-107/-43} 0-1

[Event "Gaprindashvili Cup Open II Stage 2020"]
[Site "Online"]
[Date "2020.11.08"]
[Round "6.5"]
[White "Kacharava, Nikolozi"]
[Black "Shanava, Konstantine"]
[Result "1/2-1/2"]
[WhiteElo "2443"]
[BlackElo "2504"]
[Annotator "TA"]
[PlyCount "158"]
[EventDate "2020.11.04"]
[EventType "swiss"]
[SourceTitle "playchess.com"]
[Source "ChessBase"]
[SourceQuality "1"]

{[%evp 21,158,29,35,29,31,31,34,30,24,0,0,0,0,0,20,-9,-8,-62,-58,-56,-52,-55,-34,-70,-79,-117,-120,-119,-120,-127,-109,-123,-101,-114,-22,-108,-102,-52,-37,-41,-35,-160,-87,-112,-62,-33,4,12,7,8,8,8,9,12,67,-125,-121,-105,-108,-108,-108,-108,-87,-125,-74,-86,-77,-80,-74,-165,-152,-515,-503,-475,-403,-462,-460,-415,-399,-520,-502,-641,-641,-641,-629,-629,-609,-587,-156,-564,-417,-604,-594,-580,-580,-10121,-10121,-10099,-210,-8589,-8582,-8575,-8575,-8560,-8506,-8488,0,-8383,-210,-210,-210,-210,-210,-210,-210,-8362,-8253,-7920,-210,-7906,-7384,-6773,-6185,-1150,0,0,0,0,0,0,0,0,0,0,0,0,0,0,0]} 1. e4 c5 2. Nf3 Nc6 3. d4 cxd4 4. Nxd4 Nf6 5. Nc3 d6 6. f3 e5 7. Nb3 Be7 8. Be3 O-O 9. Qd2 Be6 10. Nd5 Bxd5 11. exd5 Nb8 $1 12. g4 {B56: Classical Sicilian: Unusual Lines.} Nbd7 13. g5 Nh5 14. O-O-O {White is slightly better.} f5 15. h4 {[#]} Ng3 $146 ({Predecessor:} 15... Rc8 16. Kb1 Qc7 17. Bd3 a6 18. c3 b5 19. a3 Nb6 20. Na5 Nxd5 21. Bc4 bxc4 22. Qxd5+ {0-1 (37) Grineva,M (2002)-Sztokbant,B (2194) chess.com INT 2020}) 16. Rg1 Nxf1 17. Rgxf1 a5 $1 18. Qc3 b5 19. Nd2 (19. Qc6 $11) 19... Rc8 $15 20. Qd3 Qc7 21. Kb1 Qb7 22. Nb3 Bd8 23. Rc1 a4 24. Nd2 Nc5 25. Bxc5 Rxc5 26. c4 Ba5 27. Rfd1 b4 (27... Rb8 $17 {Strongly threatening ...bxc4.} 28. Rc2 a3 $1 {[%mdl 512]} 29. cxb5 Rxd5 30. Qxf5 Re8) 28. Nf1 (28. b3 $11 {remains equal.}) 28... Bb6 29. Ne3 Qd7 30. Nc2 Ba5 31. Ne1 {[#]} (31. f4 $15) 31... Rfc8 (31... b3 $142 $1 {[%mdl 512]} 32. Ka1 (32. axb3 Rb8) 32... g6) 32. Qe2 b3 {And now ...Qb7 would win.} 33. Nd3 $1 {[%cal Rd3c5]} Rxc4 34. Rxc4 Rxc4 35. Nxe5 $1 Rc2 $132 {[%mdl 2048] White must now prevent ...Qc7. Black puts up resistance} 36. Qa6 $1 Qe8 37. axb3 (37. Qxa5 Qxe5 38. Qd8+ Kf7 $17) 37... axb3 ({Black should play} 37... Rd2 $1 $11 38. Rxd2 Bxd2) 38. Qxa5 $2 (38. Qxd6 $6 Bc7 $11) (38. Nc6 $1 $14 {stays ahead.} Be1 39. Nd4 {[%mdl 64] Double Attack, Discovered Attack} Bxh4 40. Nxc2 bxc2+ 41. Kxc2 Bxg5 42. Ra1) 38... Qxe5 $11 {[%csl Gc2][%cal Re5b2][%mdl 4096] Endgame KQR-KQR} 39. Qa8+ Kf7 {[%csl Gc2][%cal Re5b2]} 40. Qb7+ Kg6 {[%csl Gc2][%cal Re5b2]} 41. Qxb3 Rf2 42. Rc1 Kh5 ({Better is} 42... Rh2 $1 43. Qc3 Qxd5) 43. Qc3 $17 Qxc3 ({But not} 43... Kxh4 $2 44. Qxe5 dxe5 45. Rd1 $18) ({Don't play} 43... Qxd5 $6 44. Qxg7 Qd3+ 45. Ka2 $11) 44. Rxc3 Kxh4 {KR-KR} 45. b4 (45. Rc7 $17 {keeps fighting.}) 45... Rd2 $1 $19 ({Much less strong is} 45... Kxg5 46. b5 $17) 46. b5 $2 (46. Rc7 $17) 46... Rxd5 47. Rb3 Rc5 48. b6 Rc8 49. b7 Rb8 50. f4 Kg4 51. Rb4 h5 52. gxh6 gxh6 53. Kc2 h5 54. Kd2 {intending Ke3.} h4 $2 (54... Kf3 $1 $19 {and Black stays clearly on top.} 55. Rb3+ Kxf4) 55. Ke1 $2 (55. Ke3 $17 {nothing else works.}) 55... Kg3 56. Kf1 (56. Rb3+ $142 Kxf4 57. Kf2) 56... d5 57. Kg1 {[#]} d4 $1 {[%mdl 576] Deflection} 58. Rxd4 Rxb7 59. Rd3+ Kg4 $2 (59... Kxf4 60. Kh2 Kg4) 60. Rd8 $2 (60. Rd2) 60... Rb1+ 61. Kg2 {[#]} Rb2+ $1 62. Kg1 Kg3 63. Rd3+ Kg4 $2 ({Black should try} 63... Kxf4 $19 64. Rc3 Kg4) 64. Rd4 $2 {[%mdl 8192]} (64. Rd8 $11 Rc2 65. Rd5) 64... Rb3 $2 (64... Re2 65. Ra4 Rd2) 65. Kh2 Rh3+ 66. Kg2 Rg3+ 67. Kh2 Rf3 68. Rd8 $2 (68. Rd2) 68... Rf2+ 69. Kg1 Rxf4 $2 (69... Ra2 70. Rc8 Kxf4) 70. Rg8+ $2 (70. Kg2) 70... Kf3 {( -> ...Rg4+)} 71. Kh2 Ra4 72. Rb8 {[#]} Ra3 $2 (72... Ra1 $1 $19 73. Rb3+ Kg4) 73. Kh3 $11 {The position is equal.} f4 {...Ke2+ is the strong threat.} (73... Kf4+ {looks sharper.} 74. Kxh4 Re3 75. Rb1 Re4 76. Ra1 Rd4) 74. Rb2 Ke3 {Hoping for ...f3.} (74... Ra1 $5 75. Rb3+ $8 Ke4 76. Rb4+ Ke5 77. Rb5+ Ke4 78. Rb4+ Kf3 79. Rb3+ Ke4 80. Rb4+ $11) 75. Kxh4 Rd3 76. Kg4 Ke4 77. Rb4+ Ke3 78. Rxf4 Rd4 79. Rxd4 Kxd4 {Whites escaped into a draw. Av CentiPawn Loss W=-11/B=-111. Weighted=-79/-99} 1/2-1/2

[Event "Gaprindashvili Cup Open II Stage 2020"]
[Site "Online"]
[Date "2020.11.08"]
[Round "6.6"]
[White "Endeladze, Ramaz"]
[Black "Sulashvili, Malkhaz"]
[Result "1-0"]
[WhiteElo "1894"]
[BlackElo "2381"]
[Annotator "TA"]
[PlyCount "121"]
[EventDate "2020.11.04"]
[EventType "swiss"]
[SourceTitle "playchess.com"]
[Source "ChessBase"]
[SourceQuality "1"]

{[%evp 15,121,0,0,-24,-24,-76,-70,-83,-83,-85,-72,-85,-75,-127,-120,-203,-127,-205,-205,-175,-131,-155,-136,-142,-133,-127,-141,-119,-51,-62,-47,-50,18,31,30,13,23,27,19,19,23,20,36,29,22,14,16,-8,16,16,18,7,16,-31,-24,-49,-8,-24,-6,-55,314,313,312,312,302,298,252,239,384,356,318,293,648,648,582,574,1052,1050,1038,1038,29973,20,20,20,24,24,24,24,24,20,20,0,24,20,29968,29968,29976,29977,29977,29978,29978,29979,29982,29980,29988,29989,29989,29990]} 1. d4 d5 2. Nf3 e6 3. c4 c6 4. Nc3 dxc4 5. a4 Bb4 6. e4 b5 7. Be2 Bb7 8. O-O a6 9. Bg5 {D31: Queen's Gambit Declined: Semi-Slav without ...Nf6 (+ Marshall Gambit and Noteboom) and Exchange Variation lines without ...Nf6.} Be7 10. Bf4 {[#]} (10. Bxe7 $11 {keeps the balance.} Nxe7 11. e5) 10... Nf6 $1 $17 11. Qc2 {Black is slightly better.} O-O 12. Rfd1 Nbd7 13. h3 {[#]} h6 $146 ({Predecessor:} 13... Qb6 14. Be3 Qc7 15. e5 Nd5 16. Ng5 g6 17. Bc1 c5 18. axb5 cxd4 19. Rxd4 axb5 20. Rxa8 Rxa8 21. Nxb5 Qxe5 {0-1 (37) Danielian,E (2407)-Kezin,R (2470) chess.com INT 2020}) 14. g4 (14. Ne5 $142) 14... Re8 15. Kh2 (15. Be3 $17 {is a better defense.}) 15... Nf8 16. Rg1 (16. Bg3 $17) 16... Ng6 $19 17. Bg3 b4 18. e5 bxc3 19. exf6 Bxf6 20. bxc3 {[#]} c5 $1 {[%mdl 512]} 21. dxc5 Qd5 (21... Rc8 $17 22. Rgb1 Qd5) 22. Rab1 $1 $15 Bc6 23. Bd6 Nh4 (23... Be7 $15 24. Qd2 Rad8 25. Qxd5 Bxd5) 24. Nxh4 $11 Bxh4 25. Rbd1 Qe4 26. Qxe4 Bxe4 27. f4 Bf6 28. Bxc4 Bxc3 29. Rg3 Bb4 30. g5 hxg5 31. Rxg5 Bc3 32. Rg3 $36 {[%mdl 2048] White has some pressure.} Bf6 33. Re1 Bc6 34. Reg1 Bxa4 35. h4 Bc6 36. h5 Bd5 37. Bd3 {aiming for Be5.} e5 $2 {[%mdl 8192]} (37... Kh8 $1 $15) 38. fxe5 $18 Bxe5 39. Bxe5 Rxe5 40. Rxg7+ Kf8 {[#]} 41. R7g5 $1 {[%cal Rg5e5]} Rxg5 (41... f6 $142 42. Rxe5 fxe5) 42. Rxg5 {[%mdl 4096] Endgame KRB-KRB} Be6 43. h6 Ke7 $2 (43... f6 44. Rg2 f5) 44. h7 f5 45. Bxf5 Bxf5 46. Rg8 Bxh7 47. Rxa8 {KR-KB} Bd3 48. Ra7+ $2 (48. c6 {mates} Kd6 49. Rd8+ Kxc6 50. Rxd3 a5 51. Kg3 Kb5 52. Kf2 Kc5 53. Ke3) 48... Ke6 $11 49. c6 Bb5 50. c7 Kd7 51. Kg3 Bf1 $1 52. Kf2 Bh3 53. Kg3 Bf1 54. Rb7 {Threatens to win with Rb1.} Bb5 $2 {[%mdl 8192]} (54... a5 $11) 55. Kf4 {White mates.} Bc6 56. Ra7 a5 57. Ke5 a4 58. Kd4 a3 59. Kc5 a2 {[#]} 60. c8=Q+ $1 {[%mdl 64] Deflection, Promotion} Kxc8 61. Kxc6 {What a fight! Av CentiPawn Loss W=-29/B=-73. Weighted=-27/-73} 1-0

[Event "Gaprindashvili Cup Open II Stage 2020"]
[Site "Online"]
[Date "2020.11.08"]
[Round "6.7"]
[White "Akhvlediani, Irakli"]
[Black "Lomsadze, Davit"]
[Result "1-0"]
[WhiteElo "2355"]
[BlackElo "2303"]
[Annotator "TA"]
[PlyCount "55"]
[EventDate "2020.11.04"]
[EventType "swiss"]
[SourceTitle "playchess.com"]
[Source "ChessBase"]
[SourceQuality "1"]

{[%evp 16,55,79,47,52,54,55,46,75,77,77,88,95,62,69,84,145,141,156,148,143,129,143,135,243,200,463,459,601,472,577,577,572,536,739,726,29991,29989,29989,29990,29990,29991]} 1. d4 Nf6 2. c4 c5 3. d5 e5 4. Nc3 d6 5. e4 Be7 6. g3 O-O 7. Bg2 Ne8 {has lost popularity (7...Na6).} 8. Nge2 Bg5 9. f4 exf4 {A56: Czech Benoni.} 10. gxf4 Bh4+ 11. Ng3 f5 {White is slightly better.} 12. O-O fxe4 13. Ncxe4 Nd7 {[#]} 14. Ng5 $146 ({Predecessor:} 14. a4 Ndf6 15. Ng5 Bg4 16. Qc2 Qd7 17. f5 Bxg3 18. hxg3 Nh5 19. Ne6 Nxg3 20. Nxf8 Kxf8 {1-0 (38) Bischoff,K (2505)-Urban,J (2390) Dortmund 1993}) 14... Bxg5 $1 15. fxg5 Rxf1+ (15... b5 $142) 16. Qxf1 $16 Ne5 17. Bf4 Ng6 18. Re1 Bd7 19. Ne4 Qa5 (19... Bf5 $16 {was worth a try.} 20. Bd2 Qd7) 20. Bd2 ({Worse is} 20. Bxd6 Nxd6 21. Nxd6 Rf8 $11) 20... Qxa2 $2 (20... Qd8 21. b3 b5) 21. Bc3 $18 b5 22. cxb5 Rb8 {[#]} 23. Nf6+ $1 {[%mdl 512]} Nxf6 (23... gxf6 24. gxf6) 24. gxf6 Bxb5 25. Qf5 {White wants to mate with Qe6+.} Be8 26. Rxe8+ {[%mdl 64] Remove Defender, Decoy, Promotion. White mates.} Rxe8 27. f7+ {[%mdl 64] Double Attack} Kf8 {[#]} 28. Bxg7+ $1 {[%mdl 576] Promotion. White took control after the opening. Av CentiPawn Loss W=-14/B=-102. Weighted=-17/-76} 1-0

[Event "Gaprindashvili Cup Open II Stage 2020"]
[Site "Online"]
[Date "2020.11.08"]
[Round "6.8"]
[White "Nemsadze, Daviti"]
[Black "Chighladze, Iveri"]
[Result "1-0"]
[WhiteElo "1690"]
[BlackElo "2335"]
[Annotator "TA"]
[PlyCount "79"]
[EventDate "2020.11.04"]
[EventType "swiss"]
[SourceTitle "playchess.com"]
[Source "ChessBase"]
[SourceQuality "1"]

{[%evp 15,79,16,76,97,112,112,101,55,130,131,157,155,133,157,140,147,133,133,122,118,125,134,266,238,245,176,198,197,242,237,239,232,273,273,268,273,213,192,717,711,705,690,1531,1525,1389,1352,6047,5706,29977,29978,29976,29977,29988,29989,29989,29990,29990,29991,29991,29992,29992,29993,29993,29994,29994,29995]} 1. d4 Nf6 2. c4 e6 3. Nf3 d5 4. g3 Be7 5. Bg2 O-O 6. O-O b6 7. cxd5 exd5 8. Nc3 c5 (8... Bb7 $11 {keeps the balance.}) 9. dxc5 $16 {E18: Queen's Indian: Old Main Line (4 g3 Bb7 5 Bg2 Be7 6 0-0 0-0 7 Nc3).} bxc5 10. Ne5 {[%cal Rc3d5]} Be6 11. b3 {[#] White is better.} Qd6 $146 (11... Qc7 $14 12. Nd3 Rd8) ({Predecessor:} 11... Qc7 12. Nd3 Nc6 13. Nf4 Rad8 14. Bb2 d4 15. Nxe6 fxe6 16. Ne4 Nxe4 17. Bxe4 Nb4 {1-0 (42) Rogers,I (1865)-Kerr,S Ballarat 1977}) 12. Bf4 Qa6 13. Nxd5 Nxd5 14. Bxd5 Rd8 15. Bxa8 Rxd1 16. Raxd1 g5 17. Be3 Qxa2 18. Bf3 Kg7 (18... Qa6 $16) 19. Ra1 $18 Qxb3 20. Rab1 Qc3 21. Nxf7 g4 22. Bg2 Nd7 23. Rfc1 Qf6 24. Ng5 Bf5 25. Ne4 Qe5 26. Rb7 {[#] aiming for Nxc5.} a5 $2 (26... Bxe4 27. Bxe4 Qxe4 28. Rxd7 Kg6 29. Rxa7 h5) 27. Nxc5 Bxc5 28. Rxc5 Qa1+ 29. Rc1 Qf6 30. Bc6 Qd6 31. Bxd7 Bxd7 32. Rcc7 {White mates.} Qd1+ 33. Kg2 Qxe2 34. Rxd7+ Kg6 35. Rd6+ Kf5 36. Rf7+ Ke4 37. Rd4+ Ke5 38. Re7+ Kf5 39. Rf4+ Kg6 40. Re6+ {Av CentiPawn Loss W=-16/B=-116. Weighted=-20/-80} 1-0

[Event "Gaprindashvili Cup Open II Stage 2020"]
[Site "Online"]
[Date "2020.11.08"]
[Round "6.9"]
[White "Lortkipanidze, Nodar"]
[Black "Mindiashvili, Tengiz"]
[Result "1-0"]
[WhiteElo "2416"]
[BlackElo "1923"]
[Annotator "TA"]
[PlyCount "95"]
[EventDate "2020.11.04"]
[EventType "swiss"]
[SourceTitle "playchess.com"]
[Source "ChessBase"]
[SourceQuality "1"]

{[%evp 29,95,-31,-22,-29,-25,-24,-25,-22,-22,-89,-103,-99,-89,-195,-30,-32,-37,-632,-603,-600,-603,-595,0,0,0,0,0,0,0,0,0,0,0,0,0,0,0,0,0,0,0,0,0,0,0,0,0,0,0,0,0,0,4794,4419,1862,1284,29987,29988,29989,0,29990,29991,29991,29992,29992,29993,29997,357]} 1. e4 c5 2. Nf3 d6 3. d4 cxd4 4. Nxd4 Nf6 5. Nc3 g6 6. f3 Bg7 7. Be3 Nc6 8. Bc4 O-O 9. Qd2 Bd7 10. O-O-O Rc8 11. Bb3 Nxd4 12. Bxd4 b5 13. Nd5 Nxd5 14. Bxg7 Kxg7 15. Bxd5 a5 16. a3 {B78: Sicilian Dragon: Yugoslav Attack, 9 Bc4 Bd7 10 0-0-0 Rc8.} Qc7 17. h4 h5 18. g4 {Hoping for gxh5.Black has an edge.} Rh8 $1 19. Rdg1 (19. g5 $11) 19... b4 $17 20. axb4 axb4 21. Bb3 {[#]} (21. Kb1 $17) 21... Qa5 $146 (21... Qa7 $19 {[%cal Ra7a1]} 22. Qf4 e6) ({Predecessor:} 21... Qa7 22. Qf4 e6 23. e5 Qa1+ 24. Kd2 Qxb2 25. Qf6+ Kg8 26. gxh5 Qd4+ 27. Kc1 Qa1+ {½-½ (41) Corado Paz Castillo,R (2214)-Abiad Parra,C (2176) Coro 2019}) 22. Qd4+ e5 23. Qxd6 $2 {[%mdl 8192]} (23. Qd5 $15 Qxd5 24. Bxd5) 23... Qa1+ 24. Kd2 Qxb2 25. gxh5 {[%cal Rg1g6] [#] White wants to mate with Rxg6+!} Qc3+ $2 (25... Bg4 $1 $19 {[%mdl 512]} 26. h6+ (26. fxg4 Rhd8) 26... Kxh6) 26. Ke2 $11 {[%cal Rg1g6]} Bb5+ 27. Kf2 {[%cal Rg1g6]} Rxh5 28. Rg5 {White wants to play Rxh5.} Rxg5 29. hxg5 {White threatens Qf6+ and mate.} Qc5+ 30. Qxc5 Rxc5 {[%mdl 4096] Endgame KRB-KRB} 31. Ra1 {Black must now prevent Ra5.} Rc3 32. Ra5 Bc4 $1 33. Rxe5 Bxb3 34. cxb3 Rxb3 {KR-KR} 35. Rb5 Kf8 36. Rb7 Rb2+ 37. Kg3 b3 38. Kf4 Rb1 39. Ke5 {Threatens to win with Kf6.} Kg7 $1 40. f4 Kg8 $2 {[%mdl 8192] [#]} (40... b2 $11) 41. Kf6 $1 $18 Rf1 42. f5 gxf5 43. exf5 Rf3 44. Rb8+ Kh7 {[#]} 45. Rf8 $1 {White mates.} b2 46. Rxf7+ Kg8 47. Rb7 Ra3 48. Rb8+ {White used his chance. Av CentiPawn Loss W=-82/B=-39. Weighted=-93/-64} 1-0